000 00266nam a2200109Ia 4500
008 220204s9999 xx 000 0 und d
082 _a929 A/Z(GAN)
_bNAN
100 _aNanda, B R
245 0 _aGandhi
260 _aNew Delhi
_bPublicaitons Division
_c1972
942 _cBK
999 _c37693
_d37693